Have we ever had it so bad? (Record no. 80754)
[ view plain ]
| 000 -LEADER | |
|---|---|
| fixed length control field | 01028cab a22002055a 4500 |
| 001 - CONTROL NUMBER | |
| control field | L145271 |
| 008 - FIXED-LENGTH DATA ELEMENTS--GENERAL INFORMATION | |
| fixed length control field | 080923e20080920xxkdo f s 000 0 eng d |
| 035 ## - SYSTEM CONTROL NUMBER | |
| System control number | (Sirsi) u145271 |
| 041 0# - LANGUAGE CODE | |
| Language code of text/sound track or separate title | eng |
| 100 1# - MAIN ENTRY--PERSONAL NAME | |
| Personal name | Barnard, Lucy |
| 245 00 - TITLE STATEMENT | |
| Title | Have we ever had it so bad? |
| 260 ## - PUBLICATION, DISTRIBUTION, ETC. | |
| Date of publication, distribution, etc. | 2008 |
| 490 ## - SERIES STATEMENT | |
| Series statement | Estates Gazette |
| Volume/sequential designation | (0837) 20 September 2008, 62-65(4) |
| 520 ## - SUMMARY, ETC. | |
| Summary, etc. | Article looks at comparisons between the current economic downturn and previous recessions by exploring coverage of previous periods of financial instability in the property press. Contributors suggest that while market conditions are tough and there are similarities with the recession of the 1990s, factors such as increasing securitisation of the market make this recession different from its predecessors. Points out some factors to support cautious optimism, including steady tenant demand for property. |
| 590 ## - LOCAL NOTE (RLIN) | |
| Local note | KA |
| 651 #4 - SUBJECT ADDED ENTRY--GEOGRAPHIC NAME | |
| Geographic name | United Kingdom |
| Chronological subdivision | |
| 690 ## - LOCAL SUBJECT ADDED ENTRY--TOPICAL TERM (OCLC, RLIN) | |
| Topical term or geographic name as entry element | PROPERTY-PROPERTY FINANCE AND INVESTMENT |
| 700 1# - ADDED ENTRY--PERSONAL NAME | |
| Personal name | McCormick, Helen |
| 942 ## - ADDED ENTRY ELEMENTS (KOHA) | |
| Suppress in OPAC | 0 |
| Withdrawn status | Lost status | Source of classification or shelving scheme | Damaged status | Not for loan | Home library | Current library | Shelving location | Date acquired | Total Checkouts | Full call number | Barcode | Date last seen | Copy number | Price effective from | Koha item type |
|---|---|---|---|---|---|---|---|---|---|---|---|---|---|---|---|
| Dewey Decimal Classification | London | London | Journal article | 23/09/2008 | L145271 | 145271-1001 | 06/08/2019 | 1 | 06/08/2019 | Journal article |